Slovar' trudnostej russkogo jazyka okolo 30 000 slov
Salvato in:
| Autore principale: | |
|---|---|
| Altri autori: | |
| Natura: | Libro |
| Lingua: | russo |
| Pubblicazione: |
Moskva
Russkij jazyk
1984
|
| Edizione: | 3. dopln. izd. |
| Tags: |
Nessun Tag, puoi essere il primo ad aggiungerne!!
|
MARC
| LEADER | 00000nam a2200000 4500 | ||
|---|---|---|---|
| 001 | c110544 | ||
| 005 | 20150325110610.7 | ||
| 041 | 0 | |a rus | |
| 044 | |a RU | ||
| 245 | 1 | 0 | |a Slovar' trudnostej russkogo jazyka |b okolo 30 000 slov |c Ditmar El'jaševič Rozental', Margarita Aleksejevna Telenkova |
| 250 | |a 3. dopln. izd. | ||
| 264 | 1 | |a Moskva |b Russkij jazyk |c 1984 | |
| 300 | |a 703 s. | ||
| 100 | 1 | |a Rozental', Ditmar El'jaševič | |
| 700 | 1 | |a Telenkova, Margarita Aleksejevna | |